000 08370 a2200529 4500
005 20081229142131.0
010 _a B-357200
020 _a9788190482776
_c150.00
035 _aB-371088-1110
037 _bD.B.Act / Pub
_aट्रांसवर्ल्ड पब्लिशर्स / PUB
082 _a398.0950
100 _aदेवेन्द्र कुमार
_91206
245 _aएशिया और यूरोप की सर्वश्रेष्ठ लोककथाएं /
_cदेवेन्द्र कुमार
246 _aAsia Aur Europe Ki Sarvashresht Lakkathan
_bby Devendra Kumar
260 _aनई दिल्ली
_bट्रांसवर्ल्ड पब्लिशर्स
_c2009
270 _aडब्लयू-116,ग्रेटरकैलाश, पार्ट-1 फर्स्ट फ्लोर
_bनई दिल्ली
_e110048
300 _a104 पृ
_bसचित्र
_c24सेमी (सजिल्द)
650 _aकहानियाँ
_9937
650 _aबाल कहानियाँ
_91328
650 _aChildren Stories
_919030
942 _adpl
_cCH
_2ddc
_h398.0950
_mदेवेन्द्र
999 _c29916
_d29916